000 00775nam a22001937a 4500
005 20250808113552.0
010 _aHIN-130207
020 _a9789382695240
_c2100.00
035 _aHN-102553
037 _bDBAD
082 _a954.08
100 _aप्रसाद, महाकालेश्वर
_983969
245 _aजायसीकालीन भारत
_cमहाकालेश्वर प्रसाद
260 _aदिल्ली
_bविकल्प प्रकाशन
270 _a2226/बी, प्रथम तल,गली नो.33
_bदिल्ली
_e110090
300 _a719पृ.
_c23सेमी (सजिल्द )
700 _983953
942 _2ddc
_cHN
_h954.08
_mप्रसाद
_eप्रथम
999 _c212956
_d212956